| 000 | 01155nam a2200337 i 4500 | ||
|---|---|---|---|
| 001 | 12075 | ||
| 003 | KOSZ 005 | ||
| 005 | 20250625063546.0 | ||
| 008 | 071016s1969 pl a f 001 0 pol | ||
| 015 | _aPB 1969/10178 | ||
| 040 |
_aWA N _cWA N _dKOSZ 005/RW _dKOSZ 005/HR _dKOSZ 005/KK |
||
| 046 | _k1969 | ||
| 080 | _a658.7 | ||
| 080 | _a658.56 | ||
| 100 | 1 |
_aBąkowski, Ryszard _eAutor |
|
| 245 | 1 | 0 |
_aOrganizacja gospodarki magazynowej / _cRyszard Bąkowski. |
| 250 | _aWyd. 3. | ||
| 260 |
_aWarszawa : _bPaństwowe Wydawnictwo Ekonomiczne, _c1969. |
||
| 300 |
_a503, [1] strona : _bilustracje ; _c25 cm. |
||
| 336 |
_2rdacontent _aTekst _btxt |
||
| 337 |
_2rdamedia _aBez urządzenia pośredniczącego _bn |
||
| 338 |
_2rdacarrier _aWolumin _bnc |
||
| 380 | _aKsiążki. | ||
| 388 | _a1901-2000 | ||
| 504 | _aBibliografia na stronach [490]-491. Indeks. | ||
| 658 | _aZarządzanie i marketing | ||
| 650 | 4 | _aGospodarka magazynowa | |
| 710 | 2 |
_aPaństwowe Wydawnictwo Ekonomiczne _4pbl. |
|
| 856 |
_uhttp://koha.tu.koszalin.pl/cgi-bin/koha/opac-detail.pl?biblionumber=12075 _yKatalog online BPK |
||
| 942 |
_2UKD _cKS |
||
| 999 |
_c12075 _d12075 |
||